A stressz logikája

Bibliográfiai részletek
Szerző: Petró Katalin
További közreműködők: Végh Ferenc
Dokumentumtípus: Záródolgozat
Kulcsszavak:Erő
Jelenlét
reziliencia
stressz
testbeszéd
Online Access:http://dolgozattar.uni-bge.hu/59885

MARC

LEADER 00000nta a2200000 i 4500
001 dolg59885
005 20260409145710.0
008 260409suuuu hu o 000 hun d
040 |a BGE Dolgozattár Repozitórium  |b hun 
041 |a hu 
100 1 |a Petró Katalin 
245 1 2 |a A stressz logikája  |c Petró Katalin  |h [elektronikus dokumentum] 
516 |a Final_paper 
520 3 |a Dolgozatomban a stressz keletkezésének lehetőségeiről és a már fenálló stressz kezeléséről írtam. Mivel a stressz mindennapjaink része, nehezen tudjuk kikerülni. Minden embernek mások azok a hatások (stresszor), amik által stresszesnek érzi magát. A mai kor emberét igen sok stresszkeltő helyzet érheti. Dolgozatomban kifejtem a stressz mechanizmusát, fiziológiáját. Az alapfogalmak mellett a stressz útját fejtegetem, úgy hogy ismeretével a stresszkezelési technikánk is egy logikus és hasznosítható folyamat legyen. Különösképpen szerettem volna nagyobb betekintést adni a stresszkezelés olyan lehetőségére, ami a mimikánk (mosoly) és a testbeszédünk által gyors és hasznos módszer lehessen. Ezek az egyszerű módszerek kutatási eredmények által bizonyítottak. William James elméletét nagyban felhasználva, miszerint ha mosolygunk valószínű jól érezzük magunkat, ám mi van akkor, ha nem igazán vagyunk jól, de elkezdünk mosolyogni. A James-Lange elmélet szerint, ha a mimikánk vagy testbeszédünket megváltoztatjuk és olyan megnyilvánulásait használjuk ami a jóllétünket mutatja, hamar el is érhetjük a kívánt nyugodt, vidámabb állapotot. Erre a módszerre "Mintha-elv"-ként hivatkozom. Bizonyos testtartásokkal igenis növelhetjük magabiztosságunkat és kiegyensúlyozottságunkat. Ezek a mozdulatok a térfoglalóbb testtartások, a győzelmi kartartások, a ruganyos mozgás és a ballisztikus mozdulatok lehetnek. Igen nagy hatással bírnak arra, aki gyakorolja. Dolgozatomban nagy hangsúlyt helyeztem még a jelenlét erejére, ezt bőven kifejtvén és az erőben levésre. Az erőben levést úgy használtam, hogy ha stresszes helyzetben vagyunk, jó ha azokra a számunkra is tudatos és hiteles tulajdonságainkra, értékrendünkre koncentrálunk, amiket kedvelünk. Ezzel a hiány helyett (ami az adott helyzetben nincs velünk) a "vanságra" (meglévő erőforrásaink) összpontosítunk. Ha a fókuszáltságunkat még a testbeszédünkkel is megtámogatjuk, akkor egész jól állunk a stresszkezelésben. Az értekezésem jó részét a stresszkezelés útját adhatja egy coaching folyamatban. Ebben a programtervben az önismeret jelentőségével indítom a coaching folyamatot, majd az asszertív kommunikáció lehetőségei és a nézőpontok tágítását elemzem. Megemlítem még a stresszkezelés olyan lehetőségeit, amik az érzékszerveink által segíthetnek. Ilyen az étkezés, illatok, öltözködés és a zene ereje.Szeretném dolgozatommal megmutatni és a klienseimnél azt az attitűdöt megváltoztatni, ami a stresszt egy kezelhető állapottá teheti. 
695 |a Erő 
695 |a Jelenlét 
695 |a reziliencia 
695 |a stressz 
695 |a testbeszéd 
700 1 |a Végh Ferenc  |e ths 
856 4 0 |u http://dolgozattar.uni-bge.hu/59885/1/Petro_Katalin_Szakdolgozat_Vegleges.pdf  |z Dokumentum-elérés 
856 4 0 |u http://dolgozattar.uni-bge.hu/59885/2/Petr%C3%B3%20Katalin%20Gruber%20b%C3%ADr%C3%A1lati%20lap%20.%202025.pdf  |z Dokumentum-elérés 
856 4 0 |u http://dolgozattar.uni-bge.hu/59885/3/Petro%CC%81%20Katalin%20KSZ%20e%CC%81s%20MH%20bi%CC%81ra%CC%81lati%20lap%202025.pdf  |z Dokumentum-elérés